| 000 | 00571nam a2200181Ia 4500 | ||
|---|---|---|---|
| 008 | 100917s9999 xx 000 0 und d | ||
| 082 | _b6153 | ||
| 100 | _aदेशपांडे कुसुमावती | ||
| 245 | _aमराठी कादंबरी भा. 2 रा. | ||
| 260 |
_b--- _c1954 |
||
| 300 | _a214 | ||
| 365 | _b3.5 | ||
| 520 | _aनिबंध | ||
| 630 | _aमराठी कादंबरी भा. 2 रा. | ||
| 650 | _aनिबंध | ||
| 730 | _aमराठी कादंबरी भा. 2 रा. | ||
| 942 | _cBOOK | ||
| 999 |
_c611547 _d611544 |
||